Statistics for Every Country Flag-Shape of the World - Capitals

Click here to take the quiz!

General Stats

  • This quiz has been taken 28 times
  • The average score is 105 of 196

Answer Stats

Answer% Correct
Canberra
96%
London
96%
Beijing
88%
Paris
88%
Athens
84%
Oslo
84%
Ottawa
84%
Washington D.C.
84%
Wellington
84%
Copenhagen
80%
Lisbon
80%
Moscow
80%
Rome
80%
Tokyo
80%
Ankara
76%
Berlin
76%
Jakarta
76%
Mexico City
76%
Reykjavik
76%
Santiago
76%
Bern
72%
Brussels
72%
Hanoi
72%
Kingston
72%
Madrid
72%
New Delhi
72%
Pyongyang
72%
Tallinn
72%
Vienna
72%
Zagreb
72%
Amsterdam
68%
Brasilia
68%
Helsinki
68%
Kiev
68%
Luxembourg
68%
Manila
68%
Nur-Sultan
68%
Panama City
68%
Prague
68%
Stockholm
68%
Valletta
68%
Baku
64%
Bangkok
64%
Bratislava
64%
Buenos Aires
64%
Dhaka
64%
Dublin
64%
Havana
64%
Kuala Lumpur
64%
Port-au-Prince
64%
Sofia
64%
Vientiane
64%
Warsaw
64%
Asmara
60%
Bogota
60%
Bucharest
60%
Budapest
60%
Caracas
60%
Islamabad
60%
Jerusalem
60%
Kathmandu
60%
Lima
60%
Nicosia
60%
Riga
60%
Seoul
60%
Singapore
60%
Taipei
60%
Tashkent
60%
Ulaanbaatar
60%
Abu Dhabi
56%
Ashgabat
56%
Bandar Seri Begawan
56%
Beirut
56%
Belgrade
56%
Bishkek
56%
Chisinau
56%
Dili
56%
Dushanbe
56%
Kabul
56%
Kinshasa
56%
Maputo
56%
Mogadishu
56%
Nassau
56%
Naypyidaw
56%
Phnom Penh
56%
Podgorica
56%
Port Moresby
56%
Pretoria / Cape Town / Bloemfontein
56%
Quito
56%
San Jose
56%
Tehran
56%
Victoria
56%
Yerevan
56%
Bamako
52%
Bangui
52%
Banjul
52%
Brazzaville
52%
Conakry
52%
Dakar
52%
Kuwait City
52%
Minsk
52%
Monaco
52%
Monrovia
52%
Pristina
52%
Rabat
52%
San Marino
52%
Sarajevo
52%
Tegucigalpa
52%
Tunis
52%
Vatican City
52%
Yaoundé
52%
Andorra la Vella
48%
Baghdad
48%
Cairo
48%
Damascus
48%
Doha
48%
Libreville
48%
Lilongwe
48%
Ljubljana
48%
Lomé
48%
Lusaka
48%
Muscat
48%
Nairobi
48%
Skopje
48%
Tirana
48%
Tripoli
48%
Vaduz
48%
Windhoek
48%
Accra
44%
Addis Ababa
44%
Algiers
44%
Antananarivo
44%
Basseterre
44%
Belmopan
44%
Djibouti
44%
Gaborone
44%
Georgetown
44%
Harare
44%
Luanda
44%
Manama
44%
Montevideo
44%
Paramaribo
44%
Saint John's
44%
Sana'a
44%
Tbilisi
44%
Thimphu
44%
Vilnius
44%
Amman
40%
Apia
40%
Asunción
40%
Bridgetown
40%
Castries
40%
Dodoma
40%
Gitega
40%
Guatemala City
40%
Juba
40%
Khartoum
40%
Kigali
40%
Lagos
40%
La Paz / Sucre
40%
Managua
40%
Mbabane
40%
Niamey
40%
Nouakchott
40%
Port-of-Spain
40%
Porto-Novo / Cotonou
40%
Riyadh
40%
San Salvador
40%
Santo Domingo
40%
Sri Jayawardenepura Kotte
40%
Yaren
40%
Bissau
36%
Freetown
36%
Kampala
36%
Malabo
36%
Male
36%
Maseru
36%
Moroni
36%
N'Djamena
36%
Ouagadougou
36%
Roseau
36%
Saint George's
36%
Yamoussoukro
36%
Ngerulmud
32%
Praia
32%
Suva
32%
Nuku'alofa
28%
Palikir
28%
Port Louis
28%
Port Vila
28%
São Tomé
28%
South Tarawa
28%
Funafuti
24%
Honiara
24%
Kingstown
24%
Majuro
24%

Score Distribution

Percentile by Number Answered

Percent of People with Each Score

Your Score History

You have not taken this quiz